Facultad de Odontología.  Biblioteca.  Nodo central                      



header.jpg
Vista normal Vista MARC
  • Orina Modalidades de secreciones y excreciones

Entrada Término temático

Número de registros utilizados en: 1

001 - NÚMERO DE CONTROL

  • campo de control: 14936

003 - IDENTIFICADOR DE NÚMERO DE CONTROL

  • campo de control: gtgcusco

005 - FECHA Y HORA DE LA ÚLTIMA TRANSACCIÓN

  • campo de control: 20250825112637.0

008 - ELEMENTOS DE DATO DE LONGITUD-FIJA

  • campo de control de longitud fija: 250825|| aca||aabn | a|a d

040 ## - FUENTE DE CATALOGACIÓN

  • Centro catalogador/agencia de origen: gtgcusco
  • Centro/agencia transcriptor: gtgcusco

150 ## - ENCABEZAMIENTO--TÉRMINO DE MATERIA

  • Término de materia o nombre geográfico como elemento de entrada: Orina Modalidades de secreciones y excreciones

670 ## - FUENTE DE DATOS ENCONTRADOS

  • Cita de la fuente: Work cat.: (gtgcusco)6092: Morales Utrilla, Nery Javier 14460, Concentración y excreción de fluoruro en la orina de personas adultas que laboran en instituciones privadas y estatales en la región de salud nor-oriente que comprenden los departamentos de Chiquimula, Zacapa, El Progreso e Izabal en 1994. /, 1995